| 000 | 00468nam a22001577a 4500 | ||
|---|---|---|---|
| 003 | OSt | ||
| 005 | 20140717185830.0 | ||
| 008 | 140717b xxu||||| |||| 00| 0 eng d | ||
| 040 | _cDNLM | ||
| 245 | _acongo masquerade the political culture of aid inefficiency and reform failure | ||
| 260 |
_alondon/New York _btheodore trefom _c2011 |
||
| 300 |
_axvii; 153p _bill, _c23cm |
||
| 440 |
_x9781848138360 _9708 |
||
| 504 | _aincludes bibliography and index | ||
| 942 |
_2z _cO_SHELF |
||
| 999 |
_c262 _d262 |
||